| 000 | 01237nam a2200301 4500 | ||
|---|---|---|---|
| 001 | 176360 | ||
| 003 | ES-MaACL | ||
| 005 | 20250823063126.0 | ||
| 008 | 110111s2009 sp | |||||||| |dspa d ..| | ||
| 015 | _aMON0912 | ||
| 020 | _a978-84-220-1418-8 (BAC) | ||
| 020 | _a978-84-362-5868-4 (UNED) | ||
| 080 | _a241(02)"15" | ||
| 100 | 1 |
_aVives, Juan Luis, _d1492-1540 _9115574 |
|
| 245 | 1 | 0 |
_aDiálogo de doctrina christiana / _cJuan Luis Vives ; introducción, edición y notas de Francisco Calero Calero y Marco Antonio Coronel Ramos. |
| 260 |
_aMadrid : _bBiblioteca de Autores Cristianos : _bUniversidad Nacional de Educación a Distancia, _c2009. |
||
| 300 |
_aXII, 672 p. ; _c20 cm. |
||
| 490 | 1 |
_aCollectio Scriptorum mediaevalium et renascentium ; _v4 |
|
| 490 | 1 |
_aBiblioteca de Autores Cristianos ; _v687 |
|
| 504 | _aBibliografía: p. 452-470. | ||
| 650 |
_aMoral cristiana- _vObras anteriores a 1800. _9144661 |
||
| 700 | 1 |
_aCalero, Francisco. _933652 |
|
| 700 | 1 |
_aCoronel Ramos, Marco Antonio. _9144662 |
|
| 830 | 0 |
_aCollectio Scriptorum mediaevalium et renascentium ; _v4 _9190009 |
|
| 830 | 0 | 0 |
_aBiblioteca de autores cristianos _v687 _9178679 |
| 852 |
_aES-MaACL _jJ-675 |
||
| 999 |
_c176360 _d176360 |
||